Statistics for Name the Chess player by their Description

Click here to take the quiz!

General Stats

  • This quiz has been taken 10 times
  • The average score is 12 of 30

Answer Stats

DescriptionAnswer% Correct
_____ ____ is a Dutch Super-Grandmaster and world championship candidate.Anish Giri
88%
____ _____ is the first Chinese FIDE World Chess Champion.Ding Liren
75%
_______ _______ is one of the world's top players and the third-highest-rated player of all time.Fabiano Caruana
75%
______ ________ is a five time US champion and one of the top Grandmasters in the world. He's often the highest rated blitz player on chess.com.Hikaru Nakamura
75%
___ ______________ is a Russian Super-Grandmaster and two-time World Championship challenger.Ian Nepomniachtchi
63%
________ _______is a former world champion and the man who dethroned Kasparov.Vladimir Kramnik
63%
______ __ is a Filipino-American Super-Grandmaster who is among the world's best chess players.Wesley So
63%
____ ________is a Ukranian Grandmaster and a former Women's World Blitz and Rapid Champion.Anna Muzychuk
50%
_______ _____ is a Croatian candidate master who runs one of the biggest YouTube chess channels in the world.Antonio Radic
50%
______ __________is an American Grandmaster, chess writer, streamer, and commentator.Daniel Naroditsky
50%
_____ ______ is an International Master and chess commentator extraordinaire.Danny Rensch
50%
___ _____ is the second highest-rated woman in history, a four-time Women’s World Champion, and a full-time college professor.Hou Yifan
50%
_____ _____ is a Grand master and an eight-time U.S. Women's Champion.Irina Krush
50%
_____ _______ is an Armenian American super-grandmaster and one of the best players in the world.Levon Aronian
50%
________ ____________ is an Uzbek Grandmaster and the winner of the 2021 World Rapid Chess Championship.Nodirbek Abdusattorov
50%
_____ ________ is one of India's best and most charismatic players.Vidit Gujrathi
50%
___________ _____ is a former world champion and one of the best players of all time!Viswanathan Anand
50%
_________ _________ is a Russian-born Swiss Grandmaster and the 12th Women's World Chess Champion.Alexandra Kosteniuk
38%
____ ______ is the incarnation of romantic attacking chess.Paul Morphy
38%
______ ____ is a strong American Grandmaster and a world-class chess commentator.Robert Hess
38%
________ ___is a Dutch Grandmaster, content creator, and commentator.Benjamin Bok
25%
_____ ______ was once the youngest Grandmaster in history, breaking Fischer’s record.Judit Polgar
25%
_____ ___________ is an American national master, chess author, columnist, and world-renowned coach.Bruce Pandolfini
13%
_____ _____is a strong French master and a very popular chess personality. His blitz rating on Chess.com has been over 2800.Kevin Bordi
13%
____ _____ is an American FIDE master and the face of ChessKid.com.Mike Klein
13%
_____ _____ is a Polish International Master that currently streams, creates courses and popularizes chess on the internet.Dawid Czerw
0%
______ ___________ is a Grandmaster and two-time Brazilian Champion.Krikor Mekhitarian
0%
____ _________ _____ is a Spanish master and a popular chess personality.Luis Fernandez Siles
0%
_______ ______is a famous chess commentator, promoter, and teacher.Maurice Ashley
0%
______ ______ is a woman candidate master who lived in Katwe, a Ugandan slum, and changed her life through chess.Phiona Mutesi
0%

Score Distribution

Percentile by Number Answered

Percent of People with Each Score

Your Score History

You have not taken this quiz